Factfulness : (Record no. 14398)
[ view plain ]
| 000 -LEADER | |
|---|---|
| fixed length control field | 00891nam a22002777a 4500 |
| 001 - CONTROL NUMBER | |
| JCCL Control Number | 14398 |
| 003 - CONTROL NUMBER IDENTIFIER | |
| JCCL marc code | BD-JhCC |
| 005 - DATE AND TIME OF LATEST TRANSACTION | |
| control field | 20250909105418.0 |
| 008 - FIXED-LENGTH DATA ELEMENTS--GENERAL INFORMATION | |
| fixed length control field | 250909b |||||||| |||| 00| 0 eng d |
| 020 ## - INTERNATIONAL STANDARD BOOK NUMBER | |
| International Standard Book Number | 9781473637467 |
| 035 ## - SYSTEM CONTROL NUMBER | |
| system control number | (BD-JhCC) 14398 |
| 040 ## - CATALOGING SOURCE | |
| Original cataloging agency | BD-JhCC |
| Modifying agency | BD-JhCC |
| 041 ## - LANGUAGE CODE | |
| Language code of Book | english |
| 082 ## - DEWEY DECIMAL CLASSIFICATION NUMBER | |
| DDC Edition number | 23 |
| Classification number | 330.01 |
| Author mark and Year | ROS 2018 |
| 100 ## - MAIN ENTRY--PERSONAL NAME | |
| Personal name | Rosling, Hans |
| 245 ## - TITLE STATEMENT | |
| Title | Factfulness : |
| Remainder of title | ten reasons we're wrong about the world - and why things are better than you think / |
| Statement of responsibility, etc | Hans Rosling, Ola Rosling, Anna Rosling Rönnlund |
| 260 ## - PUBLICATION, DISTRIBUTION, ETC. (IMPRINT) | |
| Place of publication, distribution, etc | UK: |
| Name of publisher, distributor, etc | Sceptre, |
| Date of publication, distribution, etc | 2018. |
| 300 ## - PHYSICAL DESCRIPTION | |
| Pagination | 342p.; |
| Other physical details | ill. |
| Dimensions | 20 cm. |
| Accompanying material | Paper binding |
| 500 ## - GENERAL NOTE | |
| General note | Includes Index |
| 650 ## - SUBJECT ADDED ENTRY--TOPICAL TERM | |
| Topical term or geographic name as entry element | BUSINESS & ECONOMICS Decision-Making & Problem Solving |
| 650 ## - SUBJECT ADDED ENTRY--TOPICAL TERM | |
| Topical term or geographic name as entry element | Critical thinking |
| 650 ## - SUBJECT ADDED ENTRY--TOPICAL TERM | |
| Topical term or geographic name as entry element | Information Literacy |
| 700 ## - ADDED ENTRY--PERSONAL NAME | |
| Personal name | Rosling,Ola |
| 700 ## - ADDED ENTRY--PERSONAL NAME | |
| Personal name | Rosling Rönnlund,Anna |
| 942 ## - ADDED ENTRY ELEMENTS (KOHA) | |
| Source of classification or shelving scheme | Dewey Decimal Classification |
| Koha item type | Books |
| Source of classification or shelving scheme | Damaged status | Not for loan | Collection code | Home library | Current library | Shelving location | Date of accession | Total Checkouts | Full call number | Barcode | Checked out | Date last seen | Date checked out | Copy number | Method of acquisition | Koha item type | Currency | Source of acquisition |
|---|---|---|---|---|---|---|---|---|---|---|---|---|---|---|---|---|---|---|
| Dewey Decimal Classification | Non-fiction | JCC Rouf Library | JCC Rouf Library | General Stacks | 2 | 330.01 ROS 2018 | 20245 | 02/15/2026 | 01/21/2026 | 01/21/2026 | C-1 | Purchase | Books | BDT | ||||
| Dewey Decimal Classification | Non-fiction | JCC Rouf Library | JCC Rouf Library | General Stacks | 1 | 330.01 ROS 2018 | 20246 | 11/27/2025 | 11/03/2025 | 11/03/2025 | C-2 | Purchase | Books | BDT | Purchase |